Information technology : (Record no. 103640)

MARC details
000 -LEADER
fixed length control field 00661nam a22002057a 4500
005 - DATE AND TIME OF LATEST TRANSACTION
control field 20160927110059.0
010 ## - LCCN (DPL NO)
LC control number ENG-116098
020 ## - INTERNATIONAL STANDARD BOOK NUMBER
International Standard Book Number 9789383575039
Terms of availability 1295.00
035 ## - SYSTEM CONTROL NUMBER
System control number EN-99630
037 ## - SOURCE OF ACQUISITION
Source of stock number/acquisition DBAD/PUB
082 ## - DEWEY DECIMAL CLASSIFICATION NUMBER
Classification number 004
100 ## - MAIN ENTRY--PERSONAL NAME
Dates associated with a name Das,Leonard T.
245 ## - TITLE STATEMENT
Title Information technology :
Statement of responsibility, etc by Leonard T.Das ; foreword by Kumar B. Das
Remainder of title problems and prospects /
260 ## - PUBLICATION, DISTRIBUTION, ETC. (IMPRINT)
Place of publication, distribution, etc New Delhi
Name of publisher, distributor, etc SSDN Publishers & Distributors
Date of publication, distribution, etc 2014
270 ## - ADDRESS
Address 5A,Sahani Mansion,Ansari Road, Daryaganj
City New Delhi
Postal code 110002
300 ## - PHYSICAL DESCRIPTION
Extent 232p. :
Dimensions 22cm(Hb)
Other physical details ill
500 ## - GENERAL NOTE
General note Includes index
700 ## - ADDED ENTRY--PERSONAL NAME
Personal name Das,Kumar B.
942 ## - ADDED ENTRY ELEMENTS (KOHA)
Source of classification or shelving scheme Dewey Decimal Classification
Item type English Books
Classification part 004
Call number suffix DAS
Holdings
Withdrawn status Lost status Not for loan Collection code Home library Current library Date acquired Source of acquisition Cost, normal purchase price Full call number Barcode Copy number Cost, replacement price Koha item type
    Not For Loan Non-fiction D.B.Act.Division Bawana 26/09/2016 DBAD/PUB 1295.00 004 DAS EN-99630 1 1295.00 English Books

© Delhi Public Library
Hit Counter
free hit counter